| 000 | 01874nas a2200493 i 4500 | ||
|---|---|---|---|
| 001 | 193439 | ||
| 003 | SpMaBN | ||
| 005 | 20250804062804.0 | ||
| 007 | ta | ||
| 008 | 930917c1978201usp br p 0uuub0spa | ||
| 010 |
_ac _b2 |
||
| 016 | 7 |
_abiseBNE19940049171 _2SpMaBN _zRECBI006599 |
|
| 017 |
_aO 343-1978 _bOficina Depósito Legal Asturias |
||
| 022 | 0 |
_a0210-0088 _2_u |
|
| 035 | _a00006599 | ||
| 035 | _abise0000159435 | ||
| 035 | _a(OCoLC)436529784 | ||
| 037 | _bAvda. de Galicia 21, 35005; tf. 985 245857, fax: 985 245649; c.e.: pedidos@fgbueno.es | ||
| 040 |
_aSpMaBN _bspa _cSIC |
||
| 080 | _a1 | ||
| 130 | 3 |
_aEl Basilisco (Oviedo) _9234631 |
|
| 210 | 0 | _aBasilisco | |
| 222 | 3 | _aEl Basilisco | |
| 245 | 1 | 3 |
_aEl Basilisco : _brevista de filosofía, ciencias humanas, teoría de la ciencia y de la cultura |
| 260 |
_aOviedo : _bPentalfa Ediciones, _c1978- |
||
| 260 | 3 |
_aOviedo : _bFundación Gustavo Bueno. _c1998- |
|
| 300 |
_a5 v. ; _c30 cm. |
||
| 310 | _aBimestral | ||
| 336 |
_aTexto (visual) _2isbdcontent |
||
| 337 |
_asin mediación _2isbdmedia |
||
| 362 | 0 | _a1978- | |
| 530 | _aDisponible también en formato digital. | ||
| 594 | _aDesde 2008 El Basilisco se subtitula revista de materialismo filosófico. | ||
| 650 | 7 |
_aFilosofía _2embne _912802 |
|
| 655 | 7 |
_9226866 _aRevistas |
|
| 710 | 2 |
_aFundación Gustavo Bueno _94316 |
|
| 776 | 0 | 8 |
_iVersión en línea _tBasilisco (Internet) = _xISSN 2531-2944 _w193438 _0193438 |
| 852 |
_aES-MaACL _jHem-2037 _cHEM _92854 _zExpurgado marzo 2025: posterior 1958; sin encuadernar; en acceso abierto |
||
| 856 | 4 |
_uhttps://dialnet.unirioja.es/servlet/revista?codigo=460 _ySumarios de la revista en Dialnet |
|
| 866 | 0 | _o1981-1982,1990-1991,1999-2011. | |
| 942 |
_2udc _n0 _cPERIODICA |
||
| 955 | _bCRON CRON | ||
| 999 |
_c193439 _d193439 |
||